[Event "Wijk aan Zee"]
[Site "?"]
[Date "1990.??.??"]
[Round "?"]
[White "van der Wiel, J."]
[Black "Short, N."]
[Result "1-0"]
[WhiteElo "2550"]
[BlackElo "2635"]
[PlyCount "91"]
[EventDate "1990.??.??"]
[Source "ChessBase"]
[SourceDate "1990.01.01"]

1. e4 c5 2. Nf3 Nf6 3. e5 Nd5 4. Nc3 e6 5. Nxd5 exd5 6. d4 Nc6 7. dxc5 Bxc5 8. Qxd5 d6 9. exd6 Qb6 10. Qe4+ Be6 11. Bc4 Qb4+ 12. Nd2 O-O 13. O-O Rae8 14. c3 Qb6 15. Nf3 h6 16. b4 Bxd6 17. Be3 Qc7 18. Bxe6 Rxe6 19. Qc4 Rfe8 20. Rad1 a6 21. a4 Re4 22. Qd3 R8e6 23. a5 f5 24. h3 Qf7 25. Qd5 Kh7 26. Bc5 Bb8 27. Qd7 Qh5 28. Rd5 Be5 29. Qxe6 Bh2+ 30. Kxh2 Rxe6 31. Rd7 Qe8 32. Rxb7 Nd8 33. Ra7 Re4 34. Rd1 Ne6 35. Rdd7 Qb8+ 36. Bd6 Qb5 37. Nd4 Rxd4 38. cxd4 Kg6 39. Be5 Kh5 40. Rd6 Ng5 41. Bxg7 Qb8 42. Raxa6 Ne4 43. Be5 Nxd6 44. Rxd6 Qg8 45. Bf4 Qg3+ 46. Bxg3 1-0

[Event "Nationale I"]
[Site "Clermont Ferrand"]
[Date "2003.05.07"]
[Round "8.1"]
[White "David, Alberto"]
[Black "Luther, Thomas"]
[Result "1/2-1/2"]
[WhiteElo "2548"]
[BlackElo "2571"]
[PlyCount "81"]
[EventDate "2003.05.07"]
[Source "Roberto Alvarez"]
[SourceDate "2003.05.12"]

1. e4 c5 2. Nf3 Nf6 3. e5 Nd5 4. Nc3 e6 5. Nxd5 exd5 6. d4 Nc6 7. dxc5 Bxc5 8. Qxd5 d6 9. exd6 Qb6 10. Qe4+ Be6 11. Qh4 Bxd6 12. Be2 Bf5 13. O-O O-O 14. Bd3 Bxd3 15. cxd3 Be7 16. Qa4 Bc5 17. Bd2 Nd4 18. Nxd4 Bxd4 19. Bc3 Rfd8 20. Rae1 g6 21. Bxd4 Rxd4 22. Re8+ Rxe8 23. Qxe8+ Kg7 24. Qe5+ Qf6 25. Qxf6+ Kxf6 26. Rd1 Rb4 27. Rd2 a5 28. Kf1 a4 29. Re2 Rd4 30. Re4 Rxe4 31. dxe4 Ke5 32. f3 Kd4 33. Ke2 g5 34. g3 b5 35. Kd2 b4 36. Ke2 g4 37. fxg4 Kxe4 38. g5 Kd4 39. Kd2 Ke4 40. Ke2 Kd4 41. Kd2 1/2-1/2

[Event "Zalakaros op"]
[Site "?"]
[Date "2003.05.24"]
[Round "9"]
[White "Korneev Oleg"]
[Black "Sikula Vaszilij"]
[Result "1-0"]
[WhiteElo "2613"]
[BlackElo "2431"]
[PlyCount "61"]
[EventDate "2003.??.??"]
[Source "www.chesslib.no"]
[SourceDate "2004.05.04"]

1. e4 c5 2. Nf3 Nf6 3. e5 Nd5 4. Nc3 e6 5. Nxd5 exd5 6. d4 Nc6 7. dxc5 Bxc5 8. Bd3 d6 9. exd6 Qxd6 10. O-O O-O 11. c3 a5 12. Qa4 Ne5 13. Nxe5 Qxe5 14. Qh4 h6 15. Bf4 Qe7 16. Qg3 Kh8 17. Rae1 Be6 18. Re5 Rfd8 19. Rfe1 Qf8 20. Rh5 Bd6 21. Ree5 Re8 22. h3 Rad8 23. a4 Bb8 24. Qh4 Bxe5 25. Rxh6+ gxh6 26. Bxe5+ f6 27. Bxf6+ Kg8 28. Qg3+ Bg4 29. Qxg4+ Kf7 30. Qg6+ Ke6 31. Bxd8+ 1-0

[Event "otb"]
[Site "otb"]
[Date "2007.03.10"]
[Round "10"]
[White "Kalod Radek"]
[Black "Schlosser Philipp"]
[Result "1/2-1/2"]
[WhiteElo "2475"]
[BlackElo "2562"]
[PlyCount "42"]
[Source "www.chesslib.no"]
[SourceDate "2004.05.04"]

1. e4 c5 2. Nf3 Nf6 3. e5 Nd5 4. Nc3 e6 5. Nxd5 exd5 6. d4 Nc6 7. dxc5 Bxc5 8. Bd3 d6 9. exd6 O-O 10. O-O Qxd6 11. c3 Bb6 12. Bc2 Re8 13. Qd3 Qg6 14. h3 Ne5 15. Nxe5 Rxe5 16. Qxg6 hxg6 17. Bf4 Re8 18. Rfe1 Bd7 19. Rad1 Rad8 20. Bb3 Rxe1+ 21. Rxe1 Bc6 1/2-1/2

[Event "Lowell, MA"]
[Site "?"]
[Date "2003.02.09"]
[Round "4"]
[White "Kudrin Sergey"]
[Black "Kelleher William"]
[Result "1-0"]
[WhiteElo "2615"]
[BlackElo "2417"]
[PlyCount "63"]
[EventDate "2003.??.??"]
[Source "www.chesslib.no"]
[SourceDate "2004.05.04"]

1. e4 c5 2. Nf3 Nf6 3. e5 Nd5 4. Nc3 e6 5. Nxd5 exd5 6. d4 Nc6 7. dxc5 Bxc5 8. Qxd5 Qb6 9. Bc4 Bxf2+ 10. Ke2 O-O 11. Rf1 Bc5 12. Ng5 Nd4+ 13. Kd1 Ne6 14. Ne4 d6 15. exd6 Rd8 16. Bd3 Bxd6 17. Nxd6 Rxd6 18. Qf5 Rxd3+ 19. cxd3 f6 20. Qd5 Kh8 21. Re1 Nf8 22. Ke2 Qc7 23. Kf1 Qxh2 24. Re8 Qh1+ 25. Kf2 Qh4+ 26. Kg1 Bf5 27. Bg5 Qxg5 28. Rxa8 Qe3+ 29. Kh2 Qf4+ 30. g3 Qh6+ 31. Kg2 Bh3+ 32. Kg1 1-0

[Event "Corr"]
[Site "?"]
[Date "1992.??.??"]
[Round "?"]
[White "Bieluczyk Bogdan"]
[Black "Baumbach Friedrich"]
[Result "1-0"]
[WhiteElo "2500"]
[BlackElo "2530"]
[PlyCount "113"]
[EventDate "1992.??.??"]
[Source "www.chesslib.no"]
[SourceDate "2004.05.04"]

1. e4 c5 2. Nf3 Nf6 3. e5 Nd5 4. Nc3 e6 5. Nxd5 exd5 6. d4 Nc6 7. c3 d6 8. Bb5 cxd4 9. Qxd4 Be6 10. Bf4 Qa5 11. a4 Qxb5 12. axb5 Nxd4 13. Nxd4 dxe5 14. Bxe5 Bd7 15. b4 f6 16. Bg3 Kf7 17. b6 a6 18. Ra5 Be7 19. Kd2 Rhc8 20. Re1 g6 21. Rxd5 Be8 22. Bc7 Bd8 23. Ne6 Be7 24. Bd6 Bc6 25. Nc7 Bf8 26. Rd4 Rab8 27. Bxf8 Rxf8 28. f3 Rfd8 29. Kd3 g5 30. Kc4 h5 31. Red1 Rg8 32. Rd6 Ba4 33. Re1 Rbd8 34. Ree6 Rxd6 35. Rxd6 Rc8 36. Kc5 Ke7 37. Re6+ Kf7 38. c4 g4 39. f4 h4 40. Rd6 Ke7 41. Rd2 Bc6 42. Re2+ Kf8 43. Kd4 Kf7 44. Nd5 Bxd5 45. cxd5 Rc1 46. f5 g3 47. hxg3 hxg3 48. Re3 Rc2 49. Rxg3 Ke7 50. Rg7+ Kd6 51. Rxb7 Rd2+ 52. Kc4 Rxg2 53. Rf7 Rg4+ 54. Kb3 Rg8 55. b7 Rb8 56. Kc4 Ke5 57. Kc5 1-0

[Event "It (open)"]
[Site "?"]
[Date "2005.03.25"]
[Round "5"]
[White "Spasov Vasil V"]
[Black "De la Villa Garcia Jesus Mari"]
[Result "1/2-1/2"]
[WhiteElo "2543"]
[BlackElo "2470"]
[PlyCount "45"]
[EventDate "2005.??.??"]
[Source "www.chesslib.no"]
[SourceDate "2004.05.04"]

1. e4 c5 2. Nf3 Nf6 3. e5 Nd5 4. Nc3 e6 5. Nxd5 exd5 6. d4 Nc6 7. dxc5 Bxc5 8. Bd3 d6 9. exd6 O-O 10. O-O Qxd6 11. Re1 h6 12. Be3 d4 13. Bd2 Bg4 14. Qe2 Bh5 15. a3 Bb6 16. Qe4 Bg6 17. Qg4 Bxd3 18. cxd3 Rfe8 19. h4 Bc7 20. g3 Qf6 21. Kg2 Rad8 22. Re4 Rxe4 23. Qxe4 1/2-1/2

[Event "31. Internacional La Roda"]
[Site "La Roda"]
[Date "2004.04.08"]
[Round "3"]
[White "Oratovsky, Michael"]
[Black "Lopez Martinez, Josep Manuel"]
[Result "0-1"]
[WhiteElo "2536"]
[BlackElo "2440"]
[PlyCount "111"]
[EventDate "2004.04.07"]
[Source "Roberto Alvarez"]
[SourceDate "2004.04.19"]

1. e4 c5 2. Nf3 Nf6 3. e5 Nd5 4. Nc3 e6 5. Nxd5 exd5 6. d4 Nc6 7. dxc5 Bxc5 8. Be2 d6 9. exd6 Qxd6 10. O-O O-O 11. Bg5 h6 12. Bd2 Bf5 13. Ne1 Rfe8 14. Nd3 Bb6 15. Bf3 Be4 16. Be3 Bxe3 17. fxe3 Rad8 18. c3 Qe7 19. Re1 Qc5 20. Qe2 Ne5 21. Bxe4 dxe4 22. Nxe5 Qxe5 23. Rad1 f5 24. Rxd8 Rxd8 25. Rd1 Rxd1+ 26. Qxd1 Kh7 27. Qd4 Qb5 28. c4 Qa5 29. Kf2 Qxa2 30. g4 Qb1 31. Qc5 Qxb2+ 32. Kg3 Qf6 33. gxf5 Qg5+ 34. Kf2 Qh4+ 35. Kf1 Qh3+ 36. Ke1 b6 37. Qa3 a5 38. c5 Qh4+ 39. Kd1 Qd8+ 40. Ke1 Qe7 41. Qa4 bxc5 42. Qxa5 Qh4+ 43. Kd1 Qh5+ 44. Ke1 Qxf5 45. Qc7 Qd5 46. h4 c4 47. Qc8 Qf7 48. Qc5 h5 49. Kd2 Qf2+ 50. Kc3 Qxh4 51. Qf5+ Kh6 52. Kxc4 Qg4 53. Qf2 Qe6+ 54. Kc5 Kg6 55. Qf8 Qe5+ 56. Kc4 0-1

[Event "Corr"]
[Site "?"]
[Date "1992.??.??"]
[Round "?"]
[White "Fabri Ferenc"]
[Black "Baumbach Friedrich"]
[Result "0-1"]
[WhiteElo "2445"]
[BlackElo "2530"]
[PlyCount "52"]
[EventDate "1992.??.??"]
[Source "www.chesslib.no"]
[SourceDate "2004.05.04"]

1. e4 c5 2. Nf3 Nf6 3. e5 Nd5 4. Nc3 e6 5. Nxd5 exd5 6. d4 Nc6 7. dxc5 Bxc5 8. Qxd5 Qb6 9. Bc4 Bxf2+ 10. Ke2 O-O 11. c3 Ne7 12. Qd6 Ng6 13. b4 a5 14. Rf1 Qxd6 15. exd6 Ba7 16. Ng5 Ne5 17. Bd5 h6 18. Nxf7 Nxf7 19. Kd2 Bb8 20. Bb2 Ra6 21. c4 Rxd6 22. bxa5 Re6 23. Bxe6 dxe6 24. g3 Bd7 25. Rab1 Bc6 26. Bc3 Bc7 0-1

[Event "Havana-B"]
[Site "Havana"]
[Date "1983.??.??"]
[Round "8"]
[White "Rodriguez Cespedes, Amador"]
[Black "Nogueiras, Jesus"]
[Result "1/2-1/2"]
[WhiteElo "2475"]
[BlackElo "2490"]
[PlyCount "20"]
[EventDate "1983.??.??"]
[Source "ChessBase"]

1. e4 c5 2. Nf3 e6 3. Nc3 Nf6 4. e5 Nd5 5. Nxd5 exd5 6. d4 Nc6 7. dxc5 Bxc5 8. Be2 d6 9. Qxd5 Be6 10. Qe4 dxe5 1/2-1/2

[Event "Olomouc CZE"]
[Site "Olomouc CZE"]
[Date "1974.??.??"]
[Round "?"]
[White "Parma, Bruno"]
[Black "Pribyl, Josef"]
[Result "0-1"]
[WhiteElo "2510"]
[BlackElo "2455"]
[PlyCount "50"]
[EventDate "1974.??.??"]
[Source "www.chesslib.no"]
[SourceDate "2004.05.04"]

1. e4 c5 2. Nf3 Nf6 3. e5 Nd5 4. Nc3 e6 5. Nxd5 exd5 6. d4 Nc6 7. dxc5 Bxc5 8. Qxd5 d6 9. exd6 Qb6 10. Bc4 Bxf2+ 11. Ke2 O-O 12. Rd1 Be6 13. Qe4 Rae8 14. Kf1 Bd7 15. Qf4 Re6 16. Qg5 Rf6 17. Qb5 Re8 18. Qxb6 Bxb6 19. Be2 Nd4 20. Bg5 Rxf3+ 21. Bxf3 Nxf3 22. Be7 Bb5+ 23. Rd3 Bxd3+ 24. cxd3 Nxh2+ 25. Ke2 Bd8 0-1

[Event "New York op"]
[Site "New York"]
[Date "1994.??.??"]
[Round "8"]
[White "Fishbein, Alexander"]
[Black "Kreiman, Boris"]
[Result "1/2-1/2"]
[WhiteElo "2525"]
[BlackElo "2425"]
[PlyCount "99"]
[EventDate "1994.03.??"]
[Source "ChessBase"]

1. e4 c5 2. Nf3 Nf6 3. e5 Nd5 4. Nc3 e6 5. Nxd5 exd5 6. d4 Nc6 7. dxc5 Bxc5 8. Bd3 d6 9. exd6 Qxd6 10. Qe2+ Qe7 11. Qxe7+ Bxe7 12. Be3 O-O 13. c3 Bg4 14. Nd4 Ne5 15. Be2 Bxe2 16. Kxe2 Bf6 17. Rhe1 Rfe8 18. Nb5 Re7 19. Bc5 Re6 20. Kf1 Nd3 21. Rxe6 fxe6 22. Ba3 e5 23. f3 a6 24. Nd6 Be7 25. Rd1 Bxd6 26. Rxd3 Bxa3 27. bxa3 Rd8 28. Re3 d4 29. cxd4 exd4 30. Re7 Rc8 31. Rxb7 d3 32. Rd7 Rc1+ 33. Kf2 Rc2+ 34. Kf1 Rc3 35. a4 Ra3 36. h4 a5 37. h5 Kf8 38. Rd5 Kf7 39. Rxa5 Ke6 40. Kf2 Rxa2+ 41. Ke3 d2 42. Ke2 d1=Q+ 43. Kxd1 Rxg2 44. Ra7 Kf6 45. a5 Rf2 46. Ra8 Kg5 47. Ra7 Kf6 48. h6 gxh6 49. Rxh7 Kg6 50. Rh8 1/2-1/2

[Event "Clichy"]
[Site "Clichy"]
[Date "1995.??.??"]
[Round "?"]
[White "Prie, Eric"]
[Black "David, Alberto"]
[Result "0-1"]
[WhiteElo "2480"]
[BlackElo "2465"]
[PlyCount "64"]
[EventDate "1995.09.??"]
[Source "ChessBase"]

1. e4 c5 2. Nf3 Nf6 3. e5 Nd5 4. Nc3 e6 5. Nxd5 exd5 6. d4 Nc6 7. dxc5 Bxc5 8. Qxd5 Qb6 9. Bc4 Bxf2+ 10. Ke2 O-O 11. Rf1 Bc5 12. Ng5 Nd4+ 13. Ke1 Ne6 14. Ne4 d6 15. exd6 Bd7 16. Bd3 Bc6 17. Qf5 Bxe4 18. Qxe4 g6 19. d7 Rfd8 20. Bc4 Rxd7 21. Bxe6 Re7 22. Rf6 Rae8 23. Bxf7+ Kg7 24. Rxb6 Rxe4+ 25. Kd2 Rd8+ 26. Kc3 Bxb6 27. Bc4 Rc8 28. b3 Rg4 29. Kb4 Bd4 30. Rb1 Rxg2 31. Bf4 Rxc2 32. Rd1 Bc5+ 0-1

[Event "Oesterreich 72/148"]
[Site "?"]
[Date "1998.??.??"]
[Round "?"]
[White "Haba, Petr"]
[Black "Kummer, Helmut"]
[Result "1-0"]
[WhiteElo "2570"]
[BlackElo "2370"]
[PlyCount "56"]
[EventDate "1998.??.??"]
[Source "ChessBase"]
[SourceDate "1998.02.01"]

1. e4 c5 2. Nf3 Nf6 3. e5 Nd5 4. Nc3 e6 5. Nxd5 exd5 6. d4 Nc6 7. dxc5 Bxc5 8. Qxd5 Qb6 9. Bc4 Bxf2+ 10. Ke2 O-O 11. Rf1 Bc5 12. Ng5 Nd4+ 13. Kd1 Ne6 14. Ne4 d6 15. exd6 Rd8 16. Bd3 Bxd6 17. Qh5 f5 18. Nxd6 Qxd6 19. Qxf5 Qxh2 20. Qf7+ Kh8 21. Bg5 Rg8 22. Be3 Qxg2 23. Kc1 Qd5 24. Rf5 Qh1+ 25. Kd2 Qh2+ 26. Rf2 Qh4 27. Rg1 g6 28. Rh1 Qb4+ 1-0

[Event "31. Internacional La Roda"]
[Site "La Roda"]
[Date "2004.04.10"]
[Round "7"]
[White "Oratovsky, Michael"]
[Black "Llobel Cortell, Enrique"]
[Result "1/2-1/2"]
[WhiteElo "2536"]
[BlackElo "2400"]
[PlyCount "59"]
[EventDate "2004.04.07"]
[Source "Roberto Alvarez"]
[SourceDate "2004.04.19"]

1. e4 c5 2. Nf3 Nf6 3. e5 Nd5 4. Nc3 e6 5. Nxd5 exd5 6. d4 Nc6 7. dxc5 Bxc5 8. Qxd5 d6 9. Qe4 dxe5 10. Bc4 Qe7 11. O-O Be6 12. Bb5 f6 13. Bxc6+ bxc6 14. Qxc6+ Kf7 15. Be3 Rhc8 16. Qe4 Bxe3 17. fxe3 Kg8 18. b3 a5 19. Rad1 Kh8 20. Nh4 Qa3 21. h3 Rd8 22. Qc6 Qe7 23. Rxd8+ Rxd8 24. Nf5 Bxf5 25. Rxf5 h6 26. Rf2 Rd1+ 27. Rf1 Rxf1+ 28. Kxf1 Qa3 29. Ke2 Qxa2 30. Kd3 1/2-1/2

[Event "Netanya"]
[Site "Netanya"]
[Date "1983.??.??"]
[Round "9"]
[White "Kagan, Shimon"]
[Black "Murey, Jacob"]
[Result "1-0"]
[WhiteElo "2435"]
[BlackElo "2500"]
[PlyCount "47"]
[EventDate "1983.04.??"]
[Source "ChessBase"]

1. e4 c5 2. Nf3 Nf6 3. e5 Nd5 4. Nc3 e6 5. Nxd5 exd5 6. d4 Nc6 7. dxc5 Bxc5 8. Bd3 d6 9. exd6 Qxd6 10. O-O O-O 11. a3 a5 12. Re1 h6 13. h3 Be6 14. Be3 d4 15. Bd2 Bd5 16. Nh4 Rfe8 17. Qh5 Re5 18. Rxe5 Nxe5 19. Bf4 Re8 20. Re1 g5 21. Bxg5 Re6 22. Bxh6 Rxh6 23. Qg5+ Kf8 24. Rxe5 1-0

[Event "Malaga"]
[Site "Malaga"]
[Date "1981.??.??"]
[Round "11"]
[White "Diez del Corral, Jesus"]
[Black "Marovic, Drazen"]
[Result "0-1"]
[WhiteElo "2480"]
[BlackElo "2445"]
[PlyCount "43"]
[EventDate "1981.04.??"]
[Source "ChessBase"]

1. e4 c5 2. Nf3 Nf6 3. e5 Nd5 4. Nc3 e6 5. Nxd5 exd5 6. d4 Nc6 7. dxc5 Bxc5 8. Qxd5 Qb6 9. Bd3 Bxf2+ 10. Ke2 d6 11. exd6 Be6 12. Qg5 h6 13. Qxg7 O-O-O 14. Qf6 Rhg8 15. Kf1 Rxd6 16. Bf4 Rd7 17. Rd1 Bc5 18. Ne5 Nxe5 19. Qxe5 Bd6 20. Qe3 Bxf4 21. Qxf4 Rg5 22. Re1 0-1

[Event "Geneva op"]
[Site "Geneva"]
[Date "2002.04.05"]
[Round "3"]
[White "Gallagher, Joseph G"]
[Black "Landenbergue, Claude"]
[Result "1/2-1/2"]
[WhiteElo "2503"]
[BlackElo "2405"]
[PlyCount "201"]
[EventDate "2002.04.04"]
[Source "ChessBase"]
[SourceDate "2002.05.03"]

1. e4 c5 2. Nf3 Nf6 3. e5 Nd5 4. Nc3 e6 5. Nxd5 exd5 6. d4 Nc6 7. dxc5 Bxc5 8. Qxd5 Qb6 9. Bc4 Bxf2+ 10. Ke2 O-O 11. Rf1 Bc5 12. Ng5 Nd4+ 13. Kd1 Ne6 14. Ne4 Be7 15. c3 Qc6 16. a4 b6 17. Qxc6 dxc6 18. Kc2 Nc7 19. Bg5 Bxg5 20. Nxg5 Be6 21. Bd3 h6 22. Nxe6 fxe6 23. Rxf8+ Rxf8 24. Rf1 Rxf1 25. Bxf1 Kf7 26. Kd3 Na6 27. b4 Nb8 28. Ke4 Ke7 29. Be2 Kd7 30. Kd4 Ke7 31. Bf3 Kd7 32. Be4 Kc7 33. Bd3 Kd7 34. Bc4 Ke7 35. Ke4 Kd7 36. g3 Ke7 37. Be2 Kd7 38. Kd4 Ke7 39. Bh5 Nd7 40. Bf3 Nb8 41. Bg2 Kd7 42. Bh1 Ke7 43. Be4 Kd7 44. Bb1 Ke7 45. Bc2 Kd7 46. Bd1 Ke7 47. Be2 Kd7 48. Bd3 Ke7 49. Bg6 Nd7 50. Bc2 Nb8 51. Bh7 Kd7 52. Bg6 Ke7 53. h3 Nd7 54. Bc2 Nb8 55. Bd3 Nd7 56. Be2 Nb8 57. Bf3 Kd7 58. Be4 Ke7 59. Bh1 Kd7 60. Bg2 Ke7 61. Bf1 Kd7 62. Be2 Ke7 63. Bd1 Nd7 64. h4 Nb8 65. Bf3 Kd7 66. Bg2 Ke7 67. Bh1 Kd7 68. Be4 Ke7 69. Bd3 Kd7 70. Bc2 Ke7 71. Bb1 Nd7 72. Bd3 Nb8 73. Ke4 Kf7 74. Kf4 Ke7 75. Be4 Kf7 76. g4 Ke7 77. g5 hxg5+ 78. Kxg5 Kf7 79. Bg2 Nd7 80. Bxc6 Nxe5 81. Be4 Ke7 82. h5 Nf7+ 83. Kf4 Kd6 84. Bg2 Ne5 85. Ke4 Nd7 86. Bf3 a5 87. Kd4 Nf6 88. Kc4 e5 89. Kb5 e4 90. Be2 axb4 91. cxb4 Nd5 92. a5 bxa5 93. bxa5 Kc7 94. Kc5 Nf4 95. Bb5 e3 96. Kd4 e2 97. Bxe2 Nxe2+ 98. Ke5 Ng3 99. h6 gxh6 100. Kf6 Kd6 101. Kg6 1/2-1/2

[Event "Belfort Open"]
[Site "Belfort FRA"]
[Date "1992.??.??"]
[Round "8"]
[White "Koch, Jean-Rene"]
[Black "Legky, Nikolay A"]
[Result "1/2-1/2"]
[WhiteElo "2460"]
[BlackElo "2445"]
[PlyCount "63"]
[EventDate "1992.??.??"]
[Source "www.chesslib.no"]
[SourceDate "2004.05.04"]

1. e4 c5 2. Nf3 Nf6 3. e5 Nd5 4. Nc3 e6 5. Nxd5 exd5 6. d4 Nc6 7. dxc5 Bxc5 8. Qxd5 Qb6 9. Bc4 Bxf2+ 10. Ke2 O-O 11. Rf1 Bc5 12. Ng5 Nd4+ 13. Kd1 Ne6 14. Ne4 d6 15. exd6 Rd8 16. Bd3 Bxd6 17. Qh5 f5 18. Nxd6 Qxd6 19. Qxf5 Nf8 20. Qf7+ Kh8 21. Qf4 Ng6 22. Qxd6 Bg4+ 23. Kd2 Rxd6 24. b3 Ne5 25. Ba3 Rd7 26. Rae1 Nxd3 27. cxd3 Rad8 28. Re3 Kg8 29. Bb2 b5 30. Be5 a5 31. Rc1 b4 32. h3 1/2-1/2

[Event "It (open)"]
[Site "La Fere (France)"]
[Date "2007.07.12"]
[Round "8"]
[White "Ninov Nikolai (BUL)"]
[Black "Afek Yochanan (ISR)"]
[Result "1/2-1/2"]
[WhiteElo "2536"]
[BlackElo "2350"]
[PlyCount "49"]
[EventDate "2007.??.??"]
[Source "www.chesslib.no"]
[SourceDate "2004.05.04"]

1. e4 c5 2. Nf3 Nf6 3. e5 Nd5 4. Nc3 e6 5. Nxd5 exd5 6. d4 Nc6 7. dxc5 Bxc5 8. Qxd5 d6 9. exd6 Qb6 10. Qe4+ Be6 11. Bc4 Bxf2+ 12. Ke2 O-O 13. Bxe6 Rae8 14. Ng5 Rxe6 15. Nxe6 Re8 16. Rf1 Rxe6 17. Qxe6 fxe6 18. Rxf2 Qb5+ 19. Ke1 Qe5+ 20. Kf1 Qxh2 21. d7 Qh1+ 22. Ke2 Qh5+ 23. Ke1 Qh1+ 24. Ke2 Qh5+ 25. Ke1 1/2-1/2

[Event "Kaluga (Russia)"]
[Site "?"]
[Date "2003.??.??"]
[Round "5"]
[White "Gubajdullin Alexey"]
[Black "Kalygin Sergey V"]
[Result "1-0"]
[WhiteElo "2449"]
[BlackElo "2437"]
[PlyCount "104"]
[EventDate "2003.??.??"]
[Source "www.chesslib.no"]
[SourceDate "2004.05.04"]

1. e4 c5 2. Nf3 Nf6 3. e5 Nd5 4. Nc3 e6 5. Nxd5 exd5 6. d4 Nc6 7. dxc5 Bxc5 8. Bd3 d6 9. exd6 Qxd6 10. O-O O-O 11. c3 Kh8 12. h3 f6 13. Bc2 Be6 14. Re1 Bb6 15. Qd3 Bg8 16. Be3 Ne5 17. Qd1 Bc7 18. g3 Qd7 19. Kh2 Be6 20. Nd4 Bf7 21. Bf5 Qe8 22. f4 g6 23. fxe5 gxf5 24. e6 Bh5 25. Qd2 Bg6 26. Bf4 Rc8 27. Rad1 Rg8 28. Bxc7 Rxc7 29. Qf4 Re7 30. Rd2 Qb8 31. Nb5 Qxf4 32. gxf4 Rge8 33. Nd4 Kg7 34. Rde2 Kf8 35. Re3 a6 36. h4 h6 37. a4 Bh7 38. Rg1 Rc8 39. a5 Rcc7 40. b4 Rc4 41. Rgg3 Rc8 42. Nb3 Rc4 43. Nd4 Rc8 44. Kg1 Rce8 45. Kf2 Rg7 46. Rxg7 Kxg7 47. Nb3 Kf8 48. Nc5 Bg8 49. Nxb7 d4 50. cxd4 Rxe6 51. Rxe6 Bxe6 52. Nc5 Bc4 1-0

[Event "Yerevan"]
[Site "Yerevan"]
[Date "1984.??.??"]
[Round "?"]
[White "Rodriguez Cespedes, Amador"]
[Black "Mnatsakanian, Eduard A"]
[Result "0-1"]
[WhiteElo "2445"]
[BlackElo "2435"]
[PlyCount "102"]
[EventDate "1984.10.??"]
[Source "ChessBase"]

1. e4 c5 2. Nf3 Nf6 3. e5 Nd5 4. Nc3 e6 5. Nxd5 exd5 6. d4 Nc6 7. dxc5 Bxc5 8. Qxd5 d6 9. Bd3 Be6 10. Qe4 dxe5 11. Nxe5 Nxe5 12. Qxe5 Qa5+ 13. Kf1 Qb6 14. Be3 Bxe3 15. fxe3 O-O 16. Qd4 Qc7 17. Kf2 Rad8 18. Qf4 Qb6 19. b3 Rfe8 20. Rhe1 Rd5 21. Kg1 h6 22. Be4 Rd2 23. Rad1 g5 24. Qg3 Rxd1 25. Rxd1 f5 26. Bd3 f4 27. Qf3 Bf7 28. Be4 fxe3 29. Re1 Kg7 30. g4 Qd4 31. Bxb7 e2+ 32. Qf2 Qxg4+ 33. Bg2 Re7 34. c3 Bh5 35. Qd4+ Qxd4+ 36. cxd4 Rd7 37. d5 Kf6 38. Kf2 Ke5 39. Ke3 Rc7 40. Kd3 Rf7 41. Ke3 Rf4 42. h3 Rf6 43. Rc1 Rf4 44. Re1 Rf7 45. Ra1 Rc7 46. Kd2 Kd4 47. Rh1 Bg6 48. Ra1 Rc2+ 49. Ke1 Ke3 50. b4 Rc8 51. a4 Bd3 0-1

[Event "BL2-Ost 0102"]
[Site "Germany"]
[Date "2001.11.25"]
[Round "3.1"]
[White "Milov, Leonid"]
[Black "Pribyl, Josef"]
[Result "1/2-1/2"]
[WhiteElo "2473"]
[BlackElo "2397"]
[PlyCount "77"]
[EventDate "2001.10.07"]
[Source "ChessBase"]
[SourceDate "2002.07.08"]

1. e4 c5 2. Nf3 Nf6 3. e5 Nd5 4. Nc3 e6 5. Nxd5 exd5 6. d4 Nc6 7. Bd3 d6 8. O-O dxe5 9. Nxe5 Be7 10. Bb5 Qb6 11. Bxc6+ bxc6 12. Re1 cxd4 13. Bg5 Be6 14. Nxf7 Kxf7 15. Qh5+ Kg8 16. Rxe6 Qxb2 17. Rae1 Bf8 18. Rxc6 Qb7 19. Rce6 Qf7 20. Qe2 h6 21. Bc1 Rc8 22. Bb2 Qf4 23. Bxd4 Rxc2 24. Qa6 Kh7 25. R6e5 Qf7 26. R5e2 Rc4 27. Qxa7 Qxa7 28. Bxa7 Ra4 29. Bb6 Bb4 30. Rd1 Bc3 31. Kf1 d4 32. Bc7 Rha8 33. Be5 R8a5 34. f4 g5 35. g3 Rxa2 36. Rxa2 Rxa2 37. Bxd4 Bxd4 38. Rxd4 gxf4 39. Rxf4 1/2-1/2

[Event "Bohemians"]
[Site "Prague CZE"]
[Date "1981.??.??"]
[Round "?"]
[White "Ambroz, Jan"]
[Black "Neckar, Lubomir"]
[Result "1/2-1/2"]
[WhiteElo "2490"]
[BlackElo "2380"]
[PlyCount "103"]
[EventDate "1981.01.??"]
[Source "www.chesslib.no"]
[SourceDate "2004.05.04"]

1. e4 Nf6 2. e5 Nd5 3. Nc3 e6 4. Nf3 c5 5. Nxd5 exd5 6. d4 Nc6 7. c3 Qb6 8. dxc5 Bxc5 9. Qc2 Qc7 10. Bf4 d6 11. exd6 Bxd6 12. Bxd6 Qxd6 13. Be2 O-O 14. Rd1 g6 15. O-O Re8 16. Rfe1 Bg4 17. Qd2 Rad8 18. h3 Bxf3 19. Bxf3 Ne5 20. Bxd5 Qxd5 21. Qxd5 Rxd5 22. Rxd5 Nf3+ 23. gxf3 Rxe1+ 24. Kg2 Re2 25. Rb5 b6 26. a4 Rc2 27. f4 Kg7 28. Kf3 Kf6 29. Ke3 Ke6 30. h4 f5 31. a5 bxa5 32. Rxa5 Rxb2 33. Ra6+ Kd5 34. Rxa7 Rc2 35. Rd7+ Ke6 36. Rd3 Kf6 37. Rd6+ Ke7 38. Rc6 Kd7 39. Rc4 Kd6 40. Kf3 Kd5 41. Rc8 Kd6 42. Kg3 Ke6 43. Kg2 Kd6 44. Kf3 Kd7 45. Rc4 Ke6 46. Kg2 Kd6 47. Rd4+ Ke6 48. c4 Rc1 49. Kf3 Rh1 50. Kg3 Rg1+ 51. Kh2 Rf1 52. Kg2 1/2-1/2

[Event "IBM-B"]
[Site "Amsterdam"]
[Date "1975.??.??"]
[Round "2"]
[White "Boey, Josef"]
[Black "Schiffer, Karl Josef"]
[Result "1/2-1/2"]
[WhiteElo "2430"]
[BlackElo "2435"]
[PlyCount "92"]
[EventDate "1975.??.??"]
[Source "ChessBase"]

1. e4 c5 2. Nf3 Nf6 3. e5 Nd5 4. Nc3 e6 5. Nxd5 exd5 6. d4 Nc6 7. dxc5 Bxc5 8. Qxd5 d6 9. exd6 Qb6 10. Bd3 Bxf2+ 11. Kf1 Be6 12. Qb5 O-O-O 13. Bf4 h6 14. Rd1 Bc5 15. Qxb6 axb6 16. Bb5 Nb4 17. c4 Nc2 18. Rd3 f6 19. a3 g5 20. Bg3 Bf5 21. d7+ Bxd7 22. Bxd7+ Rxd7 23. Rxd7 Kxd7 24. Ke2 g4 25. Nh4 Nd4+ 26. Kd3 Ne6 27. Nf5 h5 28. b4 Be7 29. Ke4 Ra8 30. Rd1+ Ke8 31. Nxe7 Kxe7 32. Rd3 Ng7 33. Bc7 Rc8 34. Bd6+ Ke6 35. c5 bxc5 36. Bxc5 f5+ 37. Kf4 Rc6 38. Re3+ Kf7 39. Re7+ Kf6 40. Rxb7 Ne6+ 41. Ke3 Nxc5 42. bxc5 Rxc5 43. Rb8 Rc3+ 44. Kf4 Rc4+ 45. Ke3 Ra4 46. Rb3 Kg5 1/2-1/2

[Event "Lublin-B"]
[Site "Lublin POL"]
[Date "1993.??.??"]
[Round "5"]
[White "Maksimenko, Andrei"]
[Black "Bogdanovich, Grigory"]
[Result "1/2-1/2"]
[WhiteElo "2435"]
[BlackElo "2425"]
[PlyCount "24"]
[EventDate "1993.??.??"]
[Source "www.chesslib.no"]
[SourceDate "2004.05.04"]

1. e4 c5 2. Nf3 Nf6 3. e5 Nd5 4. Nc3 e6 5. Nxd5 exd5 6. d4 Nc6 7. dxc5 Bxc5 8. Bd3 d6 9. exd6 Qxd6 10. O-O O-O 11. Re1 h6 12. Be3 d4 1/2-1/2

[Event "POR-chT"]
[Site "Lisboa"]
[Date "1998.05.01"]
[Round "1"]
[White "Ribeiro, Fernando"]
[Black "Fernandes, Antonio"]
[Result "1-0"]
[WhiteElo "2360"]
[BlackElo "2490"]
[PlyCount "68"]
[EventDate "1998.??.??"]
[Source "www.chesslib.no"]
[SourceDate "2004.05.04"]

1. e4 c5 2. Nf3 Nf6 3. e5 Nd5 4. Nc3 e6 5. Nxd5 exd5 6. d4 Nc6 7. dxc5 Bxc5 8. Qxd5 d6 9. exd6 Qb6 10. Qe4+ Be6 11. Qh4 f6 12. d7+ Kxd7 13. Be2 Rae8 14. O-O h5 15. Qa4 Kc8 16. c3 Bd5 17. Qb5 g5 18. b4 Qxb5 19. Bxb5 Bb6 20. Nd2 a6 21. Ba4 Bf7 22. Bc2 Kb8 23. a4 Ne5 24. a5 Ba7 25. Rb1 Ng4 26. Ne4 Bg6 27. h3 Bxe4 28. Bxe4 Rxe4 29. hxg4 hxg4 30. g3 Re2 31. b5 axb5 32. Rxb5 Rd8 33. a6 Rd7 34. Rb4 Kc8 1-0